00607nam a22001697a 4500008004100000040001800041041000800059100003300067245008100100260007300181300001800254490004000272500004800312650002500360650001500385650003700400130821s1893 sp gr spa  aCo-BoUCMbspa00aspa aMenendez Y Pelayo, Marcelino00aEstudios de crítica literariacpor el doctor Marcelino Menéndez y Pelayo aMadrid (España)bTipografía de la Revista de Archivosc1893-1907 a4 volúmenes aColección de Escritos Castellanos aIncluye índice a final de cada capítulo04aHistoria y crítica04aLiteratura04aLiteraturaxHistoria y crítica